000 00823nam a2200301Ia 4500
003 OSt
005 20220912150532.0
006 a|||||r|||| 00| 0
007 ta
008 220909b |||||||| |||| 00| 0 eng d
024 _a22162
037 _cTextual
040 _aCSL
_beng
_cCSL
041 _aeng
082 _aY7:(K9797), L9
100 _aKawai Masao Ed.
245 0 _aEcological and sociological studies of Gelada Baboons
260 _aTokyo
_bKodansha
_c1979
300 _axiv,344p.
_ccm.
490 _aContributions to primatology; 16
650 _a Ecological
650 _a Primates
650 _a Sociological
650 _aAnthropology
700 _a Inuyama-Shi Ed.
942 _hY7:(K9797), L9
_cTEXL
_2CC
999 _c49522
_d49522